000 00477nam a2200181Ia 4500
001 18035
005 20260306171601.0
008 260306s9999||||xx |||||||||||||| ||und||
041 _aESP
082 _a658.38
_bG24
100 _aGarcía Palencia, Oliverio
_eAUT
245 0 _aGestión moderna del mantenimiento industrial:
_bprincipios fundamentales
260 _c2012
300 _a168 páginas :
_c24 cm.
650 _aGEN
654 _aCAN
942 _cLIB
_dJUS
_fJUS
_2ddc
_n
999 _c18035
_d18035